|
|
|
|
| LEADER |
00000nam0a2200000 4500 |
| 001 |
370123 |
| 005 |
20231102012241.0 |
| 035 |
|
|
|a (RuTPU)RU\TPU\retro\27531
|
| 090 |
|
|
|a 370123
|
| 100 |
|
|
|a 20220620d1980 m y0rusy50 ca
|
| 101 |
0 |
|
|a rus
|
| 102 |
|
|
|a BY
|
| 105 |
|
|
|a a z 001zy
|
| 200 |
1 |
|
|a Электрооборудование для сварки и наплавки
|f П. С. Елдистратов
|
| 210 |
|
|
|a Минск
|c Ураджай
|d 1980
|
| 215 |
|
|
|a 112 с.
|c ил.
|
| 320 |
|
|
|a Библиогр.: с. 110
|
| 606 |
1 |
|
|a Электросварочные установки
|2 stltpush
|3 (RuTPU)RU\TPU\subj\20827
|9 45901
|
| 610 |
1 |
|
|a сварочная дуга
|
| 610 |
1 |
|
|a электрические разряды
|
| 610 |
1 |
|
|a сварочный ток
|
| 610 |
1 |
|
|a автоматы
|
| 610 |
1 |
|
|a полуавтоматы
|
| 610 |
1 |
|
|a наплавка
|
| 610 |
1 |
|
|a электрооборудование
|
| 610 |
1 |
|
|a обслуживание
|
| 675 |
|
|
|a 621.791.7.03
|v 4
|
| 700 |
|
1 |
|a Елдистратов
|b П. С.
|g Петр Савельевич
|
| 801 |
|
1 |
|a RU
|b 63413507
|c 20220620
|
| 801 |
|
2 |
|a RU
|b 63413507
|c 20230623
|g RCR
|
| 942 |
|
|
|c BK
|